| 000 | 00587nam a2200193Ia 4500 | ||
|---|---|---|---|
| 003 | IN-BaIIA | ||
| 008 | 211028s9999 xx 000 0 eng d | ||
| 020 | _a0-00-217138-4 | ||
| 040 | _cIIA Library | ||
| 080 |
_a524.882 _bBOS |
||
| 100 |
_aBoslough, John _914479 |
||
| 245 | 0 |
_aBeyond the black hole _bStephen Hawking's universe _cJohn Boslough |
|
| 260 |
_aLondon _bWilliam-Collins _c1985 |
||
| 300 | _a126p. | ||
| 650 | _aAstronomy and astrophysics thesaurus | ||
| 650 |
_aAstrophysics _9794 |
||
| 650 |
_aBlack holes _97728 |
||
| 942 | _cBK | ||
| 999 |
_c8624 _d8624 |
||